000 00789nam a2200265 i 4500
001 105563
003 ES-MaACL
005 20250727033924.0
007 t|
008 060725s1957 fr ||||1| fre d
080 _a330.85
080 _a330.85(47+57)
080 _a330.85(497.1)
100 1 _aDjilas, Milovan.
_944919
245 1 3 _aLa nouvelle classe dirigeante /
_cMilovan Djilas ; texte français de André Prudhommeaux.
260 _aParis :
_bPlon,
_c[1957]
300 _a270 p. ;
_c21 cm.
500 _aBiblioteca Juan Andrade.
650 4 _aComunismo-
_zYugoslavia.
_911229
650 1 4 _aComunismo-
_zURSS.
_911227
650 7 _aComunismo
_2embne
_911211
700 1 _aPrudhommeaux, André.
_994072
852 _aES-MaACL
_jAND-352
_bR.109657
999 _c105563
_d105563